Pakistan Ka Urdu Akhbarat Aur Rashal / (Record no. 523875)

000 -LEADER
fixed length control field 00514nam a22001697a 4500
003 - CONTROL NUMBER IDENTIFIER
control field NUST
038 ## - RECORD CONTENT LICENSOR
Staff Name waseem
082 ## - DEWEY DECIMAL CLASSIFICATION NUMBER
Classification number 059.9143
Author Mark MAH
100 ## - MAIN ENTRY--PERSONAL NAME
Personal name Mahmood-Ul-Hassan
9 (RLIN) 14699
245 ## - TITLE STATEMENT
Title Pakistan Ka Urdu Akhbarat Aur Rashal /
Statement of responsibility, etc. Mahmood-Ul-Hassan
260 ## - PUBLICATION, DISTRIBUTION, ETC.
Place of publication, distribution, etc. Islamabad :
Name of publisher, distributor, etc. Muqtidara Qumi Zuban,
Date of publication, distribution, etc. 1985.
300 ## - PHYSICAL DESCRIPTION
Extent 256 p. ;
500 ## - GENERAL NOTE
General note Hardcover.
880 ## - ALTERNATE GRAPHIC REPRESENTATION
Linkage 100-02\r
Title محمود الحسن
880 ## - ALTERNATE GRAPHIC REPRESENTATION
Linkage 245-02\r
Title پاکستان کے اردو اخبارات اور رسائل /
942 ## - ADDED ENTRY ELEMENTS (KOHA)
Source of classification or shelving scheme
Koha item type Book
Holdings
Withdrawn status Lost status Source of classification or shelving scheme Damaged status Not for loan Permanent Location Current Location Date acquired Total Checkouts Full call number Barcode Date last seen Price effective from Koha item type
          Central Library (CL) Central Library (CL) 05/31/2019   059.9143 MAH CL-E-1880 05/31/2019 05/31/2019 Book
© 2023 Central Library, National University of Sciences and Technology. All Rights Reserved.